000 01243nam a2200289 a 4500
001 000014129
003 DO-SdBNP
005 20260321073639.0
008 091204s 2009 dr 000 j spa d
020 _a9789945406917
040 _aDO-SdBNP
_bspa
_cBNPHU
082 4 _aRD863.44
_bB742cue, 2009
100 1 _a Bosch, Juan,
_d1909-2001
_976555
245 1 0 _aCuentos escritos antes del exilio /
_cJuan Bosch.
260 _aSanto Domingo :
_bComisión Nacional Centenario Juan Bosch:
_bFundación Juan Bosch,
_c2009.
300 _a235 p. ;
_c23 cm.
490 1 _aCentenario
490 1 _aLiteratura
_v1
505 0 _aLa mujer -- Dos pesos de agua -- La verdad -- Piloncito -- El resguardado -- El cobarde -- Chucho -- La pulpería -- Revolución -- El abuelo -- Sombras -- El alzado -- La pájara -- El algarrobo -- Forzados -- El cuchillo -- Cundito -- Guaraguaos -- La sangre -- Lucero -- Lo mejor -- San Andrés -- La negación -- Camino real.
590 _aInventariado, 2020/MFF
650 1 0 _aCuentos dominicanos
_9176
650 1 0 _aLiteratura dominicana.
_967
700 _aCastro, Tomás,
_d1959-
_eed.
_924641
830 0 _aCentenario
_pLiteratura
_n1
_931963
910 _aValidado. Control de calidad MMOLINA
942 _2ddc
_cLBS1
999 _c13731
_d13731